000 00807nac a22002297a 4500
001 BR9404764
003 BR-BrBNA
005 20240105121555.0
008 230509b bl.|||m| |||| 00| 0 por d
040 _aBR-BrBNA
_bpor
_cBiblioteca Nacional de Agricultura
072 _aC20; E50
090 _aC20 BR9404764
110 1 _aAssociacao Brasileira de Credito e Assistencia Rural, Rio de Janeiro, RJ (Brasil)
_9230
245 1 _aDiretrizes: o trabalho de extensao rural com a juventude
260 3 _aRio de Janeiro, RJ (Brasil):
_c1968.
300 _a42 p.
490 _aCadernos de Servico - Associacao Brasileira de Credito e Assistencia Rural (Brazil)
_vno. 2
_x
650 _aExtensao Rural
650 _aComunidade Rural
909 _a202312
_bLúcia Elande
_c55
_dLúcia Elande
942 _2AGRIS
_n0
_cMS
999 _c286106
_d286106